Score 0/20 Timer 10:00
0 Plays Today
# Title % Correct
4Little Fires Everywhere
71.4%
11The Handmaid's Tale
71.4%
19Harry Potter and the Philosopher's Stone
57.1%
201984
57.1%
1Eleanor Oliphant is Completely Fine
42.9%
16Ready Player One
42.9%
3The Tattooist of Auschwitz
28.6%
6Friend Request
28.6%
7Mythos
28.6%
8Past Tense
28.6%
# Title % Correct
10Lethal White
28.6%
13Wonder
28.6%
15Milkman
28.6%
18An Inspector Calls
28.6%
12Fantastic Beasts:The Crimes of Grindelwald
28.6%
2The Keeper of Lost Things
14.3%
5Tombland
14.3%
9Close to Home
14.3%
14Fire and Blood
14.3%
17Norse Mythology
14.3%

You're not logged in!

Compare scores with friends on all Sporcle quizzes.
OR
Log In

Sporcle TV

Today on Sporcle TV


Watch our educational content, quiz creation guides, and fun videos on Sporcle TV.

Show Comments

Extras

Top Quizzes Today


Score Distribution

Paid Content

Your Account Isn't Verified!

In order to create a playlist on Sporcle, you need to verify the email address you used during registration. Go to your Sporcle Settings to finish the process.

Report this User

Report this user for behavior that violates our Community Guidelines.

Details: